000
00199nam a22000977a 4500
041
_a
ENG
245
_a
Drinage Engineering
260
_a
Delhi
_b
ILRI Pub
_c
1996
650
_a
IDE
856
_u
IDE ( 18 )
999
_c
1513
_d
1513